| 000 | 00710nam a2200157Ia 4500 | ||
|---|---|---|---|
| 008 | 210324s9999||||xx |||||||||||||| ||und|| | ||
| 040 | _cSTCPL | ||
| 041 | _hENG | ||
| 082 |
_a820.301 _bCAT-S |
||
| 100 | _aCaton A.G. | ||
| 245 | 0 | _aSome norse myths and legends | |
| 260 |
_aMumbai _bE.J. Arnold & Son Ltd. _c1960 |
||
| 300 | _a96 | ||
| 650 | _aGeneralतुऴसीदास का जन्म , साशंश , राजनौतिक स्तिती , कवितावली , छंद - योजना, चारित्र - चित्रण , कार्य - सौषठन, जगत - निरूपण , रामनाम -जव , एव्य की भावना | ||
| 942 | _cBK | ||
| 999 |
_c6850 _d6850 |
||